[Event "MGL-ch 62nd"]
[Site "Choibalsan"]
[Date "2024.05.25"]
[Round "8"]
[White "Enkh Od, Enkhbaatar"]
[Black "Ulziikhishig, Khishigbat"]
[Result "1-0"]
[WhiteElo "1983"]
[BlackElo "1957"]
[PlyCount "141"]
[EventDate "2024.05.17"]
[EventType "tourn"]
[EventRounds "13"]
[EventCountry "MGL"]
[SourceTitle "CBM 220 Extra"]
[Source "ChessBase"]
[SourceDate "2024.07.31"]
[SourceVersion "1"]
[SourceVersionDate "2024.07.31"]
[SourceQuality "1"]

1. Nf3 Nf6 2. g3 d5 3. d4 e6 4. Bg2 b5 5. 0-0 Bb7 6. c3 a5 7. a3 a4 8. b4 h6 9. Qd3 Nbd7 10. Re1 Bc6 11. Bf4 Ne4 12. Ne5 Nxe5 13. Bxe5 Nd6 14. Nd2 f5 15. Bxd6 Bxd6 16. c4 0-0 17. cxd5 exd5 18. Nf3 Qe8 19. Ne5 Bxe5 20. dxe5 d4 21. Bxc6 Qxc6 22. Rec1 Qd7 23. Rc5 f4 24. Qxb5 Qh3 25. Rxc7 fxg3 26. Qd5+ Kh8 27. hxg3 Rad8 28. Qg2 Qf5 29. Rc5 d3 30. exd3 Rxd3 31. Re1 Rd2 32. e6 Qxf2+ 33. Qxf2 Rfxf2 34. Rh5 Rg2+ 35. Kh1 Rge2 36. Rxe2 Rxe2 37. Ra5 Rxe6 38. Kg2 Re3 39. Rxa4 Rb3 40. Ra5 Kh7 41. b5 h5 42. a4 Kg6 43. Kh3 Rb2 44. g4 hxg4+ 45. Kxg4 Kf6 46. Ra6+ Ke5 47. b6 Rb4+ 48. Kg5 Kd6 49. a5 Kd7 50. Ra7+ Kc8 51. Kg6 Kb8 52. Rxg7 Ra4 53. Ra7 Rf4 54. Rf7 Ra4 55. Rf5 Kb7 56. Kf6 Kc6 57. Ke7 Ra1 58. Kd8 Kb7 59. Rd5 Ra2 60. Kd7 Ra1 61. Kd6 Ka6 62. Rd2 Kb7 63. Rd5 Ka6 64. Kc6 Rc1+ 65. Rc5 Rh1 66. Rc2 Rh6+ 67. Kc7 Rh7+ 68. Kb8 Rh8+ 69. Rc8 Rh7 70. Ka8 Rb7 71. Rc7 1-0

[Event "World School-ch U15"]
[Site "Antalya"]
[Date "2019.04.24"]
[Round "7"]
[White "Enkh Od, Enkhbaatar"]
[Black "Danaci, Ege"]
[Result "1-0"]
[WhiteElo "1818"]
[BlackElo "2105"]
[PlyCount "85"]
[EventDate "2019.04.18"]
[EventType "swiss"]
[EventRounds "9"]
[EventCountry "TUR"]
[SourceTitle "CBM 190 Extra"]
[Source "ChessBase"]
[SourceDate "2019.07.15"]
[SourceVersion "1"]
[SourceVersionDate "2019.07.15"]
[SourceQuality "1"]

1. Nf3 g6 2. g3 Bg7 3. Bg2 e5 4. d3 Nc6 5. 0-0 d6 6. c3 f5 7. e4 Nge7 8. Re1 0-0 9. Qb3+ Kh8 10. Ng5 Qe8 11. exf5 Bxf5 12. Qxb7 h6 13. Ne4 Qf7 14. f3 d5 15. Nf2 Rab8 16. Qa6 g5 17. Qa4 Qg6 18. Qd1 h5 19. Qd2 g4 20. fxg4 hxg4 21. b3 Rf6 22. Na3 Qh5 23. Qe2 Bd7 24. Nc2 Rbf8 25. Rf1 Bh6 26. h4 Bxc1 27. Raxc1 Rg8 28. Ne3 Rf3 29. Kh2 d4 30. Nc4 Rxg3 31. Ne4 Qxh4+ 32. Kg1 Rh3 33. Nf6 dxc3 34. Nxg8 Kxg8 35. Bxh3 gxh3 36. Kh2 Ng6 37. Qe4 Qxe4 38. dxe4 Nf4 39. Nxe5 Nxe5 40. Rxf4 Kh7 41. Rxc3 c6 42. Rg3 Ng6 43. Rf7+ 1-0

[Event "World School-ch U15"]
[Site "Antalya"]
[Date "2019.04.20"]
[Round "3"]
[White "Angun, Batu"]
[Black "Enkh Od, Enkhbaatar"]
[Result "1/2-1/2"]
[WhiteElo "2132"]
[BlackElo "1818"]
[PlyCount "68"]
[EventDate "2019.04.18"]
[EventType "swiss"]
[EventRounds "9"]
[EventCountry "TUR"]
[SourceTitle "CBM 190 Extra"]
[Source "ChessBase"]
[SourceDate "2019.07.15"]
[SourceVersion "1"]
[SourceVersionDate "2019.07.15"]
[SourceQuality "1"]

1. d4 Nf6 2. c4 e6 3. Nf3 d5 4. Nc3 Be7 5. Bg5 0-0 6. e3 h6 7. Bh4 b6 8. Rc1 Bb7 9. cxd5 exd5 10. Be2 c5 11. dxc5 bxc5 12. 0-0 Nbd7 13. Qb3 Rb8 14. Bg3 c4 15. Qc2 Rc8 16. Rfd1 Qa5 17. Nd4 Bb4 18. Nf5 Bc6 19. Bf3 Kh8 20. Nd6 Bxd6 21. Bxd6 Rfe8 22. Qf5 g6 23. Qf4 Kg7 24. Qd4 Qb6 25. Qd2 Re6 26. Bf4 g5 27. Bg3 Nc5 28. Nxd5 Bxd5 29. Bxd5 Rd8 30. Qe2 Nxd5 31. Qxc4 Ne7 32. Rxd8 Qxd8 33. Qxc5 Rc6 34. Qe5+ f6 1/2-1/2

[Event "Ulaanbaatar Children's Game 5th"]
[Site "Ulaanbaatar"]
[Date "2015.09.17"]
[Round "6.2"]
[White "Enkh Od, Enkhbaatar"]
[Black "Batjargal, Erdenebat"]
[Result "1-0"]
[WhiteElo "1730"]
[BlackElo "1666"]
[PlyCount "83"]
[EventDate "2015.09.14"]
[EventType "tourn"]
[EventRounds "7"]
[EventCountry "MGL"]
[SourceTitle "EXT 2024"]
[Source "ChessBase"]
[SourceDate "2023.10.10"]
[SourceVersion "1"]
[SourceVersionDate "2023.10.10"]
[SourceQuality "1"]

1. d4 d5 2. c4 c6 3. Nc3 Nf6 4. Nf3 dxc4 5. a4 Bf5 6. e3 Nbd7 7. Bxc4 e6 8. 0-0 Bb4 9. Qb3 Bxc3 10. bxc3 Be4 11. Ba3 Qc7 12. Ng5 h6 13. Nxe4 Nxe4 14. Bxe6 Ndf6 15. Bf5 Nd2 16. Qb2 Nxf1 17. Rxf1 g6 18. Bh3 Ne4 19. g3 f5 20. Qc2 Ng5 21. Bg2 0-0-0 22. f4 Nf7 23. e4 Qd7 24. Bh3 Nd6 25. Bxd6 Qxd6 26. exf5 g5 27. f6+ Kb8 28. f7 Rdf8 29. Qf5 Kc7 30. Qa5+ Kb8 31. Qe5 Kc7 32. Re1 Qxe5 33. dxe5 Rxf7 34. f5 h5 35. g4 Rfh7 36. Re2 Rd8 37. f6 hxg4 38. Bxg4 Rf7 39. Bh5 Rff8 40. e6 Rh8 41. e7 Rxh5 42. f7 1-0

[Event "Ulaanbaatar Children's Game 5th"]
[Site "Ulaanbaatar"]
[Date "2015.09.16"]
[Round "4.3"]
[White "Enkh Od, Enkhbaatar"]
[Black "Boldoo, Erdenepurev"]
[Result "1/2-1/2"]
[WhiteElo "1730"]
[BlackElo "2186"]
[PlyCount "133"]
[EventDate "2015.09.14"]
[EventType "tourn"]
[EventRounds "7"]
[EventCountry "MGL"]
[SourceTitle "EXT 2024"]
[Source "ChessBase"]
[SourceDate "2023.10.10"]
[SourceVersion "1"]
[SourceVersionDate "2023.10.10"]
[SourceQuality "1"]

1. d4 d5 2. c4 e6 3. Nc3 Bb4 4. Nf3 Nf6 5. Bg5 Nbd7 6. e3 c5 7. cxd5 exd5 8. Bxf6 Nxf6 9. Bb5+ Nd7 10. 0-0 Bxc3 11. bxc3 0-0 12. Bxd7 Bxd7 13. dxc5 Bg4 14. Rb1 Rb8 15. Qd4 Bxf3 16. gxf3 Qg5+ 17. Kh1 Qf5 18. f4 Rfe8 19. Rg1 g6 20. Rbd1 Rbd8 21. Rg5 Qc2 22. Rd2 Qb1+ 23. Kg2 f5 24. Qf6 Qe4+ 25. Kf1 Rd7 26. c6 Qc4+ 27. Kg1 Qxc6 28. Qxf5 Red8 29. Qd3 Rc8 30. Rxd5 Rxd5 31. Qxd5+ Qxd5 32. Rxd5 Rxc3 33. Rd8+ Kg7 34. Rd7+ Kf6 35. Rxb7 Ra3 36. Rb2 Kf5 37. Kf1 a6 38. h3 g5 39. fxg5 Kxg5 40. Kg2 Kh4 41. Rd2 a5 42. Rc2 h5 43. Rd2 a4 44. Rc2 Kg5 45. Re2 Rc3 46. f4+ Kf5 47. Kf3 Rc1 48. e4+ Ke6 49. Rd2 Rc3+ 50. Kg2 h4 51. Re2 Rg3+ 52. Kh2 Rf3 53. f5+ Ke5 54. Kg2 Rg3+ 55. Kh2 Rf3 56. Rb2 a3 57. Re2 Rd3 58. Rf2 Rd7 59. f6 Rf7 60. Rf3 Kxe4 61. Rxa3 Rxf6 62. Ra4+ Kf3 63. Rxh4 Rb6 64. a4 Rb2+ 65. Kg1 Rb1+ 66. Kh2 Rb2+ 67. Kg1 1/2-1/2

[Event "Ulaanbaatar Children's Game 5th"]
[Site "Ulaanbaatar"]
[Date "2015.09.14"]
[Round "1.1"]
[White "Enkh Od, Enkhbaatar"]
[Black "Agibileg, Uurtsaikh"]
[Result "0-1"]
[WhiteElo "1730"]
[BlackElo "2086"]
[PlyCount "62"]
[EventDate "2015.09.14"]
[EventType "tourn"]
[EventRounds "7"]
[EventCountry "MGL"]
[SourceTitle "EXT 2024"]
[Source "ChessBase"]
[SourceDate "2023.10.10"]
[SourceVersion "1"]
[SourceVersionDate "2023.10.10"]
[SourceQuality "1"]

1. d4 Nf6 2. c4 g6 3. Nc3 Bg7 4. e4 d6 5. Nf3 0-0 6. Be2 e5 7. 0-0 Nc6 8. d5 Ne7 9. Ne1 Nd7 10. Be3 f5 11. f3 f4 12. Bf2 g5 13. Nd3 Ng6 14. c5 Nf6 15. Rc1 Rf7 16. b4 h5 17. a4 g4 18. a5 g3 19. hxg3 fxg3 20. Bxg3 h4 21. Bh2 Nh5 22. Qe1 Bh6 23. f4 Nhxf4 24. Nxf4 Nxf4 25. Bxf4 Bxf4 26. Rc2 Rg7 27. Kh1 h3 28. Bf3 Bg3 29. Qd1 Qh4 30. Kg1 hxg2 31. Rxg2 Bh3 0-1

[Event "World ol U16"]
[Site "Ulaanbaatar"]
[Date "2015.08.20"]
[Round "1.4"]
[White "Enkh Od, Enkhbaatar"]
[Black "Xian, He"]
[Result "1/2-1/2"]
[WhiteElo "1574"]
[BlackElo "1754"]
[PlyCount "94"]
[EventDate "2015.08.20"]
[EventType "team-swiss"]
[EventRounds "9"]
[EventCountry "MGL"]
[SourceTitle "EXT 2016"]
[Source "ChessBase"]
[SourceDate "2015.10.08"]
[SourceVersion "1"]
[SourceVersionDate "2015.10.08"]
[SourceQuality "1"]
[WhiteTeam "Mongolia VI"]
[BlackTeam "China II"]
[WhiteTeamCountry "MGL"]
[BlackTeamCountry "CHN"]

1. d4 d6 2. c4 e5 3. dxe5 dxe5 4. Qxd8+ Kxd8 5. Nc3 Be6 6. b3 c6 7. Bb2 Kc7 8. g3 Nd7 9. Bg2 Be7 10. 0-0-0 Nh6 11. h3 f6 12. e3 Rhd8 13. Be4 g6 14. Bc2 Nb6 15. Nge2 a5 16. f4 Nf5 17. Bxf5 Bxf5 18. a4 Nd7 19. g4 Be6 20. Ng3 Nc5 21. Kc2 Na6 22. fxe5 Nb4+ 23. Kb1 fxe5 24. Nce4 Nd3 25. Kc2 Nxb2 26. Kxb2 Rxd1 27. Rxd1 Rd8 28. Rxd8 Kxd8 29. Nh1 h5 30. Nhf2 hxg4 31. hxg4 Bd7 32. c5 Be6 33. Kc3 Bd5 34. b4 axb4+ 35. Kxb4 b6 36. a5 bxa5+ 37. Kxa5 Kd7 38. Kb6 Bh4 39. Kb7 Ke6 40. Kb6 Bd8+ 41. Kb7 Bxe4 42. Nxe4 Kd5 43. Nd6 Kxc5 44. Nf7 Bf6 45. g5 Be7 46. Nxe5 Bxg5 47. Nxg6 Kd6 1/2-1/2